Music Quiz

Random Music or Clickable Quiz

3 Songs, 1 Missing Word IV Quiz Stats

Quiz Updated Jun 28, 2016

Challenge
Share
Tweet
Embed
Score 0/33 Timer 05:00
2 Plays Today
% Correct
Take
95.8%
Fire
95.4%
Arms
95.4%
City
94.6%
Deep
94.6%
Gone
94.5%
Shop
94.5%
Til (Till)
94.4%
Lady
94.3%
Say
94.3%
Night
94.3%
Blue
94.2%
Nothing
93.4%
Best
93.3%
Shake
93.1%
Away
93%
Style
92.9%
% Correct
Feeling
92.3%
Need
91.7%
Mister (Mr.)
90.3%
Break
89.6%
Forget
88.3%
School
87.5%
Music
87.4%
Bass
85.3%
Honey
84.3%
Sexy
84%
Call
82.8%
Moment
80.4%
Right
78.5%
Beat
78.3%
Crush
69%
Real
68.8%

You're not logged in!

Compare scores with friends on all Sporcle quizzes.
Sign Up with Email
OR
Log In

You Might Also Like...

Show Comments

Extras

Top Quizzes Today


Score Distribution

Your Account Isn't Verified!

In order to create a playlist on Sporcle, you need to verify the email address you used during registration. Go to your Sporcle Settings to finish the process.